| 000 | 00829nam a2200205 i 4500 | ||
|---|---|---|---|
| 001 | 123624 | ||
| 003 | ES-MaACL | ||
| 005 | 20250907063106.0 | ||
| 007 | t| | ||
| 008 | 070214s1911 sp r ||||1| spa d | ||
| 100 | 1 |
_aRahola y Trémols, Federico, _d1858-1919 _995016 |
|
| 245 | 1 | 0 |
_aDel comers antich y modern de Tarragona _b: estudi premiat en el Certamen Históich Literari celebrat a Tarragona per commemorar el seti del any 1811 / _cFrederich Rahola. |
| 260 |
_aBarcelona : _bIlustració Catalana, _c1911. |
||
| 300 |
_a102 p. ; _c17 cm. |
||
| 530 | _aDisponible en formato digital. | ||
| 651 | 4 |
_aTarragona- _xComercio exterior- _vHistoria. _9159341 |
|
| 852 |
_aES-MaACL _jT-1335-F-8 |
||
| 856 |
_uhttp://bdh-rd.bne.es/viewer.vm?id=0000110319&page=1 _zBiblioteca Digital Hispánica |
||
| 999 |
_c123624 _d123624 |
||